| 000 | 00484nam a2200205Ia 4500 | ||
|---|---|---|---|
| 008 | 210210b1924 xxu||||| |||| 00| 0 eng d | ||
| 041 | _aeng | ||
| 082 | _a514/67 | ||
| 100 | _aLONEY (S L) | ||
| 245 | _aElements of co-ordinate geometry part II | ||
| 260 |
_aLondon _bMacmillan & Co. Ltd. _c1924 |
||
| 650 | _apart | ||
| 650 | _aof | ||
| 650 | _aII | ||
| 650 | _ageometry | ||
| 650 | _aElements | ||
| 650 | _aco-ordinate | ||
| 690 | _aAnalytical Geometry | ||
| 906 | _a007513 | ||
| 999 |
_c140041 _d140041 |
||